Laddar...
The oxford history of modern India: 1740-1975
| Huvudupphovsman: | |
|---|---|
| Materialtyp: | Printed Book |
| Publicerad: |
New Delhi, Oxford University Press
1978
|
| Upplaga: | Ed.2 |
| Ämnen: |
| LEADER | 005430000a22001930004500 | ||
|---|---|---|---|
| 020 | |a 0-19-561076-8 | ||
| 022 | |a 30-07-2004 | ||
| 041 | |a English | ||
| 082 | |a 954 L8 | ||
| 100 | |a Spear, Percival | ||
| 245 | |a The oxford history of modern India: 1740-1975 | ||
| 250 | |a Ed.2 | ||
| 260 | |a New Delhi, Oxford University Press | ||
| 260 | |c 1978 | ||
| 650 | |a History | ||
| 650 | |a India | ||
| 942 | |c BK | ||
| 999 | |c 147223 |d 147219 | ||
| 952 | |0 0 |1 0 |4 0 |6 954_000000000000000_L8 |7 0 |9 145989 |a SCC |b SCC |d 2017-10-11 |l 0 |o 954 L8 |p SCC07812 |r 2017-10-11 |w 2017-10-11 |y BK | ||